[Event "29th olm final"]
[Site "Novi Sad"]
[Date "1990.11.27"]
[Round "10.3"]
[White "Soylu, Suat"]
[Black "Kristiansen, Jens"]
[Result "1/2-1/2"]
[WhiteElo "2320"]
[BlackElo "2445"]
[EventDate "1990.11.16"]
[WhiteTeam "Turkey"]
[BlackTeam "Denmark"]
[PlyCount "100"]

1.d4 f5 2.g3 Nf6 3.Bg2 e6 4.c4 Bb4+ 5.Bd2 Be7 6.Nf3 O-O 7.O-O d5 8.Bf4 c6
9.Nbd2 Nh5 10.Rb1 Nxf4 11.gxf4 a5 12.Ne5 Nd7 13.Nxd7 Qxd7 14.e3 b6 15.Nf3
Bd6 16.Qa4 b5 17.cxb5 cxb5 18.Qc2 Ba6 19.Rfc1 Rfc8 20.Qd2 b4 21.Rxc8+ Rxc8
22.Rc1 h6 23.b3 Rc6 24.Bf1 Bxf1 25.Kxf1 Qc8 26.Rxc6 Qxc6 27.h3 Kf7 28.Kg2
Kf6 29.Ne1 g5 30.fxg5+ hxg5 31.f4 gxf4 32.exf4 Qc7 33.Nd3 Qc3 34.Qxc3 bxc3
35.Kf3 c2 36.Ke3 Bb4 37.Nc1 Bc3 38.Kd3 Bb2 39.Kxc2 Bxd4 40.Nd3 Kg6 41.Kd2
Kh5 42.Ke2 Kh4 43.Kf3 Kxh3 44.a3 Kh4 45.b4 axb4 46.axb4 Kh5 47.Nc5 e5 48.
fxe5 Bxe5 49.Nd3 Bd6 50.Nf4+ Kg5 1/2-1/2

[Event "29th olm final"]
[Site "Novi Sad"]
[Date "1990.11.27"]
[Round "10.4"]
[White "Brinck Claussen, Bjorn"]
[Black "Oney, Feridun"]
[Result "1-0"]
[WhiteElo "2395"]
[BlackElo "2320"]
[EventDate "1990.11.16"]
[WhiteTeam "Denmark"]
[BlackTeam "Turkey"]
[PlyCount "135"]

1.e4 Nf6 2.e5 Nd5 3.d4 d6 4.Nf3 g6 5.Bc4 c6 6.O-O Bg7 7.exd6 Qxd6 8.Nbd2
O-O 9.Bb3 Bf5 10.Re1 a5 11.a4 Na6 12.Ne4 Qd8 13.Qe2 Bg4 14.c3 Nac7 15.h3
Bc8 16.Ng3 Re8 17.Ne5 Be6 18.Bc2 Nf6 19.h4 Nd7 20.h5 Nxe5 21.dxe5 Nd5 22.
Qe4 Qc7 23.Bd2 Rad8 24.Rad1 Nb6 25.b3 Nd7 26.Bf4 Nc5 27.Qe3 Rxd1 28.Rxd1
b6 29.b4 axb4 30.cxb4 Na6 31.Qc3 c5 32.bxc5 Qxc5 33.Qb2 Rc8 34.Be4 Rb8 35.
h6 Bh8 36.Rc1 Qa5 37.Bc6 Nc5 38.Qb5 Qxb5 39.Bxb5 Rd8 40.a5 Nb3 41.Rc7 bxa5
42.Rxe7 Nd4 43.Ba4 Bd5 44.Bg5 Be6 45.f4 Rf8 46.Ne4 Bd5 47.Nc5 Ne6 48.Nxe6
Bxe6 49.Bh4 Ba2 50.Bc2 Rc8 51.Be4 a4 52.Ra7 Bb3 53.Be7 f6 54.Bd6 fxe5 55.
Bxg6 Bf6 56.Bxh7+ Kh8 57.Bf5 exf4 58.Kh2 Rd8 59.Bxf4 Bb2 60.Bg5 Re8 61.Be7
Bd5 62.g4 Ra8 63.Rd7 Bc6 64.Rd2 a3 65.Rxb2 axb2 66.Bf6+ Kg8 67.h7+ Kf7 68.
h8=Q 1-0

[Event "29th olm final"]
[Site "Novi Sad"]
[Date "1990.11.29"]
[Round "11.1"]
[White "Hansen, Curt"]
[Black "Guzman, Enrique"]
[Result "1-0"]
[WhiteElo "2560"]
[BlackElo "2315"]
[EventDate "1990.11.16"]
[WhiteTeam "Denmark"]
[BlackTeam "Bolivia"]
[PlyCount "49"]

1.c4 e5 2.Nc3 Nc6 3.e3 g6 4.d4 d6 5.Nf3 Bg7 6.Be2 f5 7.O-O e4 8.Nd2 Nf6 9.
b4 O-O 10.b5 Ne7 11.a4 h6 12.a5 g5 13.f3 d5 14.Ba3 Re8 15.Qb3 Kh8 16.Rae1
c6 17.a6 Rb8 18.Bxe7 Qxe7 19.bxc6 dxc4 20.Nxc4 b5 21.Ne5 Kh7 22.fxe4 Be6
23.Qb1 b4 24.Nd5 Bxd5 25.exd5 1-0

[Event "29th olm final"]
[Site "Novi Sad"]
[Date "1990.11.29"]
[Round "11.2"]
[White "Ramirez, Percy"]
[Black "Hansen, Lars Bo"]
[Result "0-1"]
[WhiteElo "2205"]
[BlackElo "2500"]
[EventDate "1990.11.16"]
[WhiteTeam "Bolivia"]
[BlackTeam "Denmark"]
[PlyCount "80"]

1.e4 c6 2.Nc3 d5 3.Nf3 Bg4 4.Be2 e6 5.O-O Nf6 6.d3 Nbd7 7.exd5 cxd5 8.h3
Bxf3 9.Bxf3 Ne5 10.Bf4 Nxf3+ 11.Qxf3 Be7 12.Nb5 O-O 13.c4 Qd7 14.Rfd1 a6
15.Nc3 Rfd8 16.Rac1 b5 17.cxd5 Nxd5 18.Be5 b4 19.Nxd5 Qxd5 20.Qg3 f6 21.
Rc7 Rd7 22.Rxd7 Qxd7 23.Bf4 Rc8 24.Rc1 Rxc1+ 25.Bxc1 Kf7 26.Qe3 Qa4 27.a3
bxa3 28.bxa3 Bxa3 29.Bxa3 Qxa3 30.Qf3 Qa1+ 31.Kh2 Qe5+ 32.g3 Qd5 33.Qe3 a5
34.Kg1 h6 35.h4 Kg6 36.Qa7 Kh7 37.Qa6 Qa2 38.d4 a4 39.Qd3+ f5 40.g4 Qb3
0-1

[Event "29th olm final"]
[Site "Novi Sad"]
[Date "1990.11.30"]
[Round "12.1"]
[White "Torre, Eugenio"]
[Black "Hansen, Curt"]
[Result "1/2-1/2"]
[WhiteElo "2530"]
[BlackElo "2560"]
[EventDate "1990.11.16"]
[WhiteTeam "The Philippines"]
[BlackTeam "Denmark"]
[PlyCount "47"]

1.e4 c5 2.Nf3 e6 3.c3 d5 4.e5 d4 5.Bd3 Ne7 6.O-O Nd7 7.Re1 g6 8.Na3 Bg7 9.
Nc4 O-O 10.Be4 f5 11.exf6 Nxf6 12.cxd4 Nxe4 13.Rxe4 b5 14.Nce5 Bb7 15.Re1
Bxe5 16.Nxe5 Qxd4 17.Qe2 Nf5 18.d3 Nh4 19.g3 Nf5 20.Bf4 Rae8 21.a4 b4 22.
Rac1 Ba8 23.Ng4 Qd5 24.Qe4 1/2-1/2

[Event "29th olm final"]
[Site "Novi Sad"]
[Date "1990.11.30"]
[Round "12.2"]
[White "Hansen, Lars Bo"]
[Black "Antonio, Rogelio jr"]
[Result "1-0"]
[WhiteElo "2500"]
[BlackElo "2445"]
[EventDate "1990.11.16"]
[WhiteTeam "Denmark"]
[BlackTeam "The Philippines"]
[PlyCount "81"]

1.Nf3 Nf6 2.c4 e6 3.Nc3 d5 4.d4 c5 5.cxd5 exd5 6.g3 Nc6 7.Bg2 Be7 8.O-O
O-O 9.dxc5 Bxc5 10.Bg5 Be6 11.Bxf6 Qxf6 12.Nxd5 Qxb2 13.Nc7 Rad8 14.Qc1
Qxc1 15.Raxc1 Bb6 16.Nxe6 fxe6 17.Rc4 h6 18.h4 Rd6 19.Re4 Rf6 20.Bh3 Kf7
21.Kg2 Ke7 22.Rb1 Rd5 23.Rb2 Kd6 24.e3 Ne5 25.Nd4 Nd3 26.Re2 Bxd4 27.exd4
e5 28.Rd2 Rxd4 29.Rxd4+ exd4 30.Rxd3 Kc5 31.Bg4 b5 32.Be2 a5 33.Rd2 Rb6
34.Kf1 b4 35.Rc2+ Kd6 36.Ke1 a4 37.Kd2 b3 38.axb3 axb3 39.Rb2 Kc5 40.Bd1
Kc4 41.Rxb3 1-0

[Event "29th olm final"]
[Site "Novi Sad"]
[Date "1990.11.30"]
[Round "12.3"]
[White "Garma, Chito"]
[Black "Mortensen, Erling"]
[Result "1-0"]
[WhiteElo "2280"]
[BlackElo "2485"]
[EventDate "1990.11.16"]
[WhiteTeam "The Philippines"]
[BlackTeam "Denmark"]
[PlyCount "81"]

1.e4 c5 2.Nf3 e6 3.d4 cxd4 4.Nxd4 a6 5.Bd3 Ne7 6.O-O Nec6 7.Nxc6 Nxc6 8.f4
Be7 9.Nd2 d6 10.c3 O-O 11.Nf3 b5 12.a4 b4 13.Bd2 Bf6 14.Rc1 Rb8 15.Kh1 e5
16.f5 d5 17.Qe2 bxc3 18.bxc3 Na5 19.exd5 Qxd5 20.c4 Qd8 21.c5 Nb3 22.Rc2
Qc7 23.c6 Re8 24.Bg5 e4 25.Bc4 Bxf5 26.Nh4 Nd4 27.Qh5 g6 28.Qh6 Bg7 29.
Nxf5 gxf5 30.Qh5 Nxc2 31.Bf4 Qxc6 32.Bxf7+ Kh8 33.h4 Nd4 34.Rc1 Qxa4 35.
Bg6 h6 36.Bxh6 Ne6 37.Bf4+ Kg8 38.Bf7+ Kf8 39.Bd6+ Re7 40.Bxe6 Qe8 41.
Qxf5+ 1-0

[Event "29th olm final"]
[Site "Novi Sad"]
[Date "1990.12.01"]
[Round "13.2"]
[White "Berg, Klaus"]
[Black "Ostenstad, Berge"]
[Result "1/2-1/2"]
[WhiteElo "2445"]
[BlackElo "2425"]
[EventDate "1990.11.16"]
[WhiteTeam "Denmark"]
[BlackTeam "Norway"]
[PlyCount "78"]

1.e4 e6 2.d4 d5 3.exd5 exd5 4.Nf3 Bd6 5.c4 c6 6.cxd5 cxd5 7.Nc3 Ne7 8.Bd3
Nbc6 9.h3 a6 10.O-O Bc7 11.Ne2 O-O 12.Bf4 Bf5 13.Bxf5 Nxf5 14.Qd3 Nfe7 15.
Bxc7 Qxc7 16.Rac1 Qd6 17.Qb3 Rfc8 18.Rc3 Na5 19.Qc2 f6 20.Rc1 Rxc3 21.Qxc3
Nac6 22.Qc5 Rd8 23.Qxd6 Rxd6 24.Nd2 g5 25.Nb1 Nf5 26.Rd1 Re6 27.Kf1 Nce7
28.Rc1 Rb6 29.b3 Rc6 30.Rxc6 Nxc6 31.Nbc3 Nfxd4 32.Nxd4 Nxd4 33.Nxd5 Kf7
34.Ke1 Ke6 35.Nb6 Nc2+ 36.Kd2 Nb4 37.Na4 Kd6 38.a3 Nd5 39.g3 Nc7 1/2-1/2

[Event "29th olm final"]
[Site "Novi Sad"]
[Date "1990.12.01"]
[Round "13.3"]
[White "Gausel, Einar"]
[Black "Kristiansen, Jens"]
[Result "1/2-1/2"]
[WhiteElo "2460"]
[BlackElo "2445"]
[EventDate "1990.11.16"]
[WhiteTeam "Norway"]
[BlackTeam "Denmark"]
[PlyCount "123"]

1.d4 f5 2.c4 Nf6 3.Nc3 e6 4.Nf3 Bb4 5.Bg5 O-O 6.Qc2 Qe8 7.Bxf6 Rxf6 8.e3
b6 9.O-O-O Bb7 10.Rg1 Bxc3 11.Qxc3 d6 12.Bd3 Nd7 13.Qc2 a6 14.Kb1 Qb8 15.
e4 fxe4 16.Bxe4 Bxe4 17.Qxe4 b5 18.c5 Nf8 19.Rge1 Ng6 20.Ng5 Nf8 21.f4 h6
22.Nf3 Qe8 23.cxd6 cxd6 24.d5 Qg6 25.dxe6 Rxe6 26.Qxg6 Rxg6 27.g3 Rf6 28.
Nd4 Kf7 29.Rc1 Rd8 30.f5 Rd7 31.g4 g6 32.Rc8 gxf5 33.Nxf5 h5 34.h3 hxg4
35.hxg4 d5 36.Rf1 Ne6 37.Rc6 Kg6 38.Rxa6 Kg5 39.Re1 Nc5 40.Rxf6 Kxf6 41.
Nd4 b4 42.b3 Ne4 43.Nc2 Rb7 44.Kb2 Ke5 45.Rf1 Kd6 46.Rf5 Kc5 47.Rf8 Nd6
48.Ra8 Ne4 49.Ra5+ Kc6 50.Nd4+ Kd6 51.Nc2 Nc5 52.Kc1 Rg7 53.Ne3 Rh7 54.
Nf5+ Kc6 55.Nd4+ Kd6 56.g5 Rh1+ 57.Kc2 Rh2+ 58.Kd1 Ne4 59.Ra6+ Kc5 60.Ne6+
Kb5 61.Nc7+ Kc5 62.Ne6+ 1/2-1/2

[Event "29th olm final"]
[Site "Novi Sad"]
[Date "1990.12.01"]
[Round "13.4"]
[White "Brinck Claussen, Bjorn"]
[Black "Elseth, Roar"]
[Result "1/2-1/2"]
[WhiteElo "2395"]
[BlackElo "2330"]
[EventDate "1990.11.16"]
[WhiteTeam "Denmark"]
[BlackTeam "Norway"]
[PlyCount "55"]

1.e4 e5 2.Nf3 Nc6 3.Bb5 a6 4.Bxc6 dxc6 5.O-O f6 6.d4 exd4 7.Nxd4 c5 8.Nb3
Qxd1 9.Rxd1 Bg4 10.f3 Be6 11.Nc3 Bd6 12.Be3 b6 13.a4 a5 14.Nd5 Bxd5 15.
Rxd5 Ne7 16.Rdd1 Nc6 17.Nd2 Nb4 18.Rdc1 Be5 19.Nc4 Bd4 20.Kf2 O-O-O 21.Ke2
Rhe8 22.c3 Bxe3 23.Nxe3 Nd3 24.Rc2 g6 25.Rd1 Nf4+ 26.Kf2 Nd3+ 27.Ke2 Nf4+
28.Kf2 1/2-1/2

[Event "29th olm final"]
[Site "Novi Sad"]
[Date "1990.12.03"]
[Round "14.4"]
[White "Tolnai, Tibor"]
[Black "Brinck Claussen, Bjorn"]
[Result "1-0"]
[WhiteElo "2480"]
[BlackElo "2395"]
[EventDate "1990.11.16"]
[WhiteTeam "Hungary"]
[BlackTeam "Denmark"]
[PlyCount "49"]

1.e4 e6 2.d4 d5 3.Nd2 c5 4.exd5 exd5 5.Ngf3 Nc6 6.Bb5 Bd6 7.dxc5 Bxc5 8.
O-O Ne7 9.Nb3 Bd6 10.Re1 O-O 11.Bd3 h6 12.h3 Nf5 13.c3 Qf6 14.Bc2 Be6 15.
Qd3 Rfe8 16.Be3 Ne5 17.Nxe5 Qxe5 18.f4 Qf6 19.Nd4 g6 20.Nxe6 Rxe6 21.Bf2
Bxf4 22.Qxd5 Ne3 23.Bxe3 Rxe3 24.Rf1 Rd8 25.Rxf4 1-0